Dicionário de educadores portugueses (Registo nº 5)
[ vista simples ]
| 000 -Etiqueta do registo | |
|---|---|
| Cabeçalho | 01050nam a2200313 4500 |
| 005 - Identificador da versão | |
| Campo de controlo | 20240813121751.0 |
| 010 ## - Número internacional normalizado dos livros (ISBN) | |
| Número (ISBN) | 9724136116 |
| 021 ## - Número do Depósito Legal | |
| Número | 200354/03 |
| 035 ## - Other System Control Numbers | |
| System Control Number | 0000005 |
| System Control Number | 0000005 |
| System Control Number | 0000005 |
| System Control Number | 0000005 |
| 100 ## - Dados gerais de processamento | |
| Dados gerais de processamento | d m y0pory5003 ba |
| 102 ## - Pais de publicação ou produção | |
| País de publicação | Portugal |
| 101 0# - Língua de publicação | |
| Língua do texto, banda sonora, etc. | Português |
| 106 ## - Campo de dados codificados: material textual | |
| Dados codificados do material textual | r |
| 105 ## - Campo de dados codificados: livros | |
| Dados codificados dos livros | a z 001yy |
| 215 ## - Descrição física | |
| Indicação específica da natureza do documento e extensão da espécie | 1472 p. |
| Outras indicações físicas | il. |
| 200 1# - Titulo e menção de responsabilidade | |
| Título próprio | Dicionário de educadores portugueses |
| Informação de outro título | 900 biografias de homens e mulheres |
| Primeira menção de responsabilidade | António Nóvoa |
| Outras menções de responsabilidade | il. Cesarina Silva |
| 205 ## - Menção da edição | |
| Menção da edição | 1ª ed |
| 210 ## - Publicação, Distribuição, etc. | |
| Lugar da edição, distribuição, etc. | Lisboa |
| Data da publicação, distribuição, etc. | 2003 |
| Nome do editor, distribuidor, etc. | Asa |
| Lugar da edição, distribuição, etc. | Porto |
| 330 ## - Sumário ou Resumo | |
| Texto da nota | O Dicionário de educadores Portugueses apresenta o percurso de vida, as práticas e as ideias de professores e pedagogos conhecidos, e de muitos outros autores com intervenção política, intelectual, social e profissional no campo educativo. |
| 675 ## - Classificação Decimal Universal (CDU) | |
| Notação | 37.01A/Z(=1.469)"18/19"(038 |
| Edição | BN |
| Língua da edição | por |
| 700 #1 - Nome de autor-pessoa física (responsabilidade principal) | |
| Número de registo de entrada de autoridade | 0000016 |
| Palavra de ordem | Nóvoa |
| Outra parte do nome não tomada para palavra de ordem | António |
| 966 ## - Identificação da Biblioteca | |
| Sigla | NUMETECA |
| 942 ## - Elementos de entrada adicionados (Koha) | |
| Tipo de item no Koha | Livro |
| Situação do levantamento | Origin of item (home branch) (coded) | Biblioteca de empréstimo | Código de barras | Cota | Circulation type (not for loan) | Tipo de documento | Nota do exemplar | Damaged status |
|---|---|---|---|---|---|---|---|---|
| Biblioteca Escolar Eng. Nuno Mergulhão | Biblioteca Escolar Eng. Nuno Mergulhão | BENM1031 | 37 DIC | Cativo | Sem mensagem |
